000 00336nam a2200133Ia 4500
008 231017s9999 xx 000 0 und d
082 _a625.8
082 _bJON
245 0 _aComparison of project level and network level pavement strength assessment
245 0 _cAustroads
260 _bAustroads
300 _c30cm
942 _cREP
999 _c606312
_d606312